[Event "GRE-chT 46th"]
[Site "Rio Achaia"]
[Date "2018.07.14"]
[Round "6.10"]
[White "Borosova, Zuzana"]
[Black "Vatkali, Dimitra"]
[Result "0-1"]
[WhiteElo "2292"]
[BlackElo "1979"]
[PlyCount "86"]
[EventDate "2018.07.10"]
[EventType "team"]
[EventRounds "7"]
[EventCountry "GRE"]
[SourceTitle "CBM 185 Extra"]
[Source "ChessBase"]
[SourceDate "2018.07.29"]
[SourceVersion "1"]
[SourceVersionDate "2018.07.29"]
[SourceQuality "1"]
[WhiteTeam "OFI"]
[BlackTeam "Kavalas OFS"]
[WhiteTeamCountry "GRE"]
[BlackTeamCountry "GRE"]

1. e4 c6 2. Nc3 d5 3. Nf3 Bg4 4. h3 Bxf3 5. Qxf3 e6 6. Be2 Nf6 7. 0-0 Nbd7 8. d4 Nxe4 9. Nxe4 dxe4 10. Qxe4 Nf6 11. Qd3 Be7 12. c4 0-0 13. Be3 Qc7 14. Rfd1 Rfd8 15. Bf3 Rd7 16. Qc3 a5 17. g3 Bd6 18. Rac1 h6 19. Qe1 Bb4 20. Qe2 e5 21. c5 e4 22. Bg2 a4 23. Rc4 Ba5 24. Rxa4 Qd8 25. b4 Bc7 26. Rxa8 Qxa8 27. b5 Re7 28. b6 Bb8 29. Rb1 Nd5 30. Rb3 Qa4 31. Kh2 f5 32. Qb2 Kh7 33. Bf1 g5 34. Bd2 f4 35. Be2 e3 36. Ra3 fxg3+ 37. Kg1 gxf2+ 38. Kf1 Qxa3 39. Qxa3 exd2 40. Qd3+ Kg7 41. Qxd2 Bg3 42. Kg2 Rxe2 43. Qxe2 Nf4+ 0-1

[Event "Veliko Gradiste Silver Lake op"]
[Site "Veliko Gradiste"]
[Date "2018.06.19"]
[Round "4"]
[White "Vatkali, Dimitra"]
[Black "Dudin, Gleb"]
[Result "1-0"]
[WhiteElo "1946"]
[BlackElo "2138"]
[PlyCount "96"]
[EventDate "2018.06.17"]
[EventType "swiss"]
[EventRounds "9"]
[EventCountry "SRB"]
[SourceTitle "CBM 185 Extra"]
[Source "ChessBase"]
[SourceDate "2018.07.29"]
[SourceVersion "1"]
[SourceVersionDate "2018.07.29"]
[SourceQuality "1"]

1. e4 e6 2. d4 d5 3. exd5 exd5 4. Nf3 Bd6 5. c4 Nf6 6. c5 Be7 7. Qa4+ c6 8. Bd3 0-0 9. Nc3 Bg4 10. Ne5 Nbd7 11. Nxg4 Nxg4 12. h3 Ngf6 13. 0-0 g6 14. f4 Nh5 15. g4 Ng7 16. f5 Bg5 17. Qc2 Bxc1 18. Qxc1 b6 19. b4 bxc5 20. bxc5 Rb8 21. Ne2 Qh4 22. Kg2 Rfe8 23. Ng3 Nf6 24. Rb1 g5 25. Rxb8 Rxb8 26. Be2 Re8 27. Bf3 h5 28. Rh1 Kh7 29. Qd2 Kg8 30. a4 Rb8 31. Qe3 Rb7 32. a5 Rb5 33. a6 Rb8 34. Ne2 Ne4 35. Bxe4 dxe4 36. Qg3 Qxg3+ 37. Nxg3 Rb3 38. Kf2 Rf3+ 39. Kg2 hxg4 40. hxg4 Ra3 41. Rh6 Rxa6 42. Kf2 Ne8 43. d5 Kg7 44. Rxc6 Rxc6 45. dxc6 Kf6 46. Ke3 Ke5 47. Nxe4 Kd5 48. c7 Nxc7 1-0

[Event "GRE-chT 45th"]
[Site "Achaia"]
[Date "2017.07.04"]
[Round "3.1"]
[White "Brunello, Marina"]
[Black "Vatkali, Dimitra"]
[Result "1-0"]
[WhiteElo "2367"]
[BlackElo "2017"]
[PlyCount "89"]
[EventDate "2017.07.03"]
[EventType "team-swiss"]
[EventRounds "7"]
[EventCountry "GRE"]
[SourceTitle "CBM 179 Extra"]
[Source "ChessBase"]
[SourceDate "2017.08.23"]
[SourceVersion "1"]
[SourceVersionDate "2017.08.23"]
[SourceQuality "1"]
[WhiteTeam "Nice Fysiolatris"]
[BlackTeam "Moudanion"]
[WhiteTeamCountry "GRE"]
[BlackTeamCountry "GRE"]

1. e4 c6 2. Nc3 d5 3. Nf3 Bg4 4. h3 Bxf3 5. Qxf3 e6 6. g3 Nd7 7. d3 Bb4 8. a3 Qa5 9. Bd2 d4 10. Nb1 Bxd2+ 11. Nxd2 Ne7 12. Bg2 0-0 13. Qe2 Qc7 14. 0-0 c5 15. c4 dxc3 16. bxc3 Nc6 17. f4 e5 18. Nc4 b5 19. Ne3 a5 20. Nd5 Qd6 21. fxe5 Ndxe5 22. Rad1 Ng6 23. Qf2 Rab8 24. d4 cxd4 25. cxd4 Qxa3 26. e5 b4 27. Be4 Qa4 28. h4 b3 29. h5 Ngxe5 30. Qf5 Ng6 31. hxg6 fxg6 32. Qd7 Rxf1+ 33. Kxf1 Rf8+ 34. Nf4 b2 35. Qd5+ Kh8 36. Ke2 Ne7 37. Qc5 Qd7 38. Rh1 Re8 39. Kf2 Rc8 40. Qxe7 Qxd4+ 41. Kg2 Qd2+ 42. Kh3 Rd8 43. Nxg6+ hxg6 44. Kg4+ Kg8 45. Qe6+ 1-0

[Event "Padova op-A 18th"]
[Site "Padova"]
[Date "2015.12.15"]
[Round "3.33"]
[White "Belloni, Umberto"]
[Black "Vatkali, Dimitra"]
[Result "1/2-1/2"]
[WhiteElo "1827"]
[BlackElo "1983"]
[PlyCount "98"]
[EventDate "2015.12.13"]
[EventType "swiss"]
[EventRounds "9"]
[EventCountry "ITA"]
[SourceTitle "EXT 2024"]
[Source "ChessBase"]
[SourceDate "2023.10.10"]
[SourceVersion "1"]
[SourceVersionDate "2023.10.10"]
[SourceQuality "1"]

1. d4 d5 2. Bg5 f6 3. Bf4 Nc6 4. e3 e5 5. Bg3 Nh6 6. c3 Nf5 7. Bb5 e4 8. Ne2 a6 9. Bxc6+ bxc6 10. Nf4 Qd7 11. Nd2 Qf7 12. b4 h5 13. h4 Nxg3 14. fxg3 Bg4 15. Qa4 Bd7 16. Qd1 Bd6 17. 0-0 a5 18. a3 a4 19. Rc1 Bg4 20. Qe1 g5 21. hxg5 fxg5 22. Nh3 Qg6 23. c4 h4 24. cxd5 cxd5 25. Rc6 Bd7 26. Rxd6 cxd6 27. Qf2 Bxh3 28. gxh3 hxg3 29. Qxg3 Rc8 30. Qg4 Rc2 31. Qd1 Rc7 32. Qxa4+ Ke7 33. Qa5 Rd7 34. Qxd5 Rxh3 35. Nxe4 Qh5 36. Rf7+ Qxf7 37. Qxf7+ Kxf7 38. Nxg5+ Kf6 39. Nxh3 Ra7 40. Kf2 Rxa3 41. Kf3 Rb3 42. Nf4 Kg5 43. Ke4 Rxb4 44. Kd5 Kf5 45. Ne2 Rb5+ 46. Kxd6 Rb3 47. Ng3+ Kg4 48. Nf1 Rb2 49. Kc6 Rf2 1/2-1/2

[Event "GRE-chT 43rd"]
[Site "Porto Rio"]
[Date "2015.10.10"]
[Round "5.8"]
[White "Barbageorgopoulou, Fani"]
[Black "Vatkali, Dimitra"]
[Result "1-0"]
[WhiteElo "1815"]
[BlackElo "1993"]
[PlyCount "143"]
[EventDate "2015.10.08"]
[EventType "team-swiss"]
[EventRounds "7"]
[EventCountry "GRE"]
[SourceTitle "CBM 168 Extra"]
[Source "ChessBase"]
[SourceDate "2015.10.29"]
[SourceVersion "1"]
[SourceVersionDate "2015.10.29"]
[SourceQuality "1"]
[WhiteTeam "Polichnis"]
[BlackTeam "Kavalas OFS"]
[WhiteTeamCountry "GRE"]
[BlackTeamCountry "GRE"]

1. d4 d5 2. c4 c6 3. cxd5 cxd5 4. Bf4 Nc6 5. e3 Nf6 6. Nc3 a6 7. Bd3 Bg4 8. Nge2 e6 9. 0-0 Be7 10. h3 Bh5 11. Rc1 0-0 12. a3 Rc8 13. b4 b5 14. Qb3 Bg6 15. Bxg6 hxg6 16. Rc2 Qb6 17. Rfc1 Na7 18. Bh2 g5 19. Bg3 Rc4 20. h4 Nh5 21. hxg5 Nxg3 22. Nxg3 Bxg5 23. Nf1 Rfc8 24. Nd2 R4c7 25. Nf3 Be7 26. Ne5 a5 27. Nd3 a4 28. Qb2 Rc4 29. Nc5 Rd8 30. Ne2 Nc6 31. Rd1 Rxc2 32. Qxc2 e5 33. Qf5 g6 34. Qg4 exd4 35. exd4 Bxc5 36. dxc5 Qb7 37. Qh4 Kg7 38. Nd4 Rh8 39. Qg3 Nxd4 40. Qe5+ f6 41. Qxd4 Rd8 42. Qe3 Qd7 43. Qd4 Qb7 44. Rd3 Qd7 45. Rf3 Qc6 46. Re3 Kf7 47. Qh4 Rg8 48. Qh7+ Rg7 49. Re7+ Kxe7 50. Qxg7+ Kd8 51. Qxg6 Qe6 52. g3 d4 53. Qd3 Qe1+ 54. Kg2 Qc3 55. Qxb5 d3 56. Qb8+ Kd7 57. Qd6+ Ke8 58. c6 d2 59. Qd7+ Kf8 60. c7 Qxc7 61. Qxc7 d1Q 62. Qc5+ Kf7 63. b5 Qb3 64. b6 Kg6 65. Qe3 Qb1 66. Qe8+ Kg5 67. Qg8+ Kh6 68. Qe6 Kg5 69. Qd5+ Kh6 70. b7 Qb6 71. Qe4 f5 72. Qe3+ 1-0

[Event "GRE-ch (Women) 38th"]
[Site "Hydra"]
[Date "2015.04.25"]
[Round "5"]
[White "Makropoulou, Marina"]
[Black "Vatkali, Dimitra"]
[Result "1/2-1/2"]
[WhiteElo "2154"]
[BlackElo "1976"]
[PlyCount "81"]
[EventDate "2015.04.21"]
[EventType "tourn"]
[EventRounds "9"]
[EventCountry "GRE"]
[SourceTitle "CBM 166 Extra"]
[Source "ChessBase"]
[SourceDate "2015.06.18"]
[SourceVersion "1"]
[SourceVersionDate "2015.06.18"]
[SourceQuality "1"]

1. e4 e5 2. Nf3 Nf6 3. Nc3 Bb4 4. Bc4 0-0 5. 0-0 d6 6. d3 h6 7. Ne2 c6 8. c3 Ba5 9. Ng3 d5 10. Bb3 dxe4 11. Nxe5 exd3 12. Be3 Bc7 13. Nxd3 Nbd7 14. Re1 Re8 15. h3 Bxg3 16. fxg3 Ne4 17. Qf3 Ndf6 18. Rad1 Qa5 19. Bd4 Bf5 20. Bc4 Ng5 21. Qf1 Bxd3 22. Qxd3 Nge4 23. Qf3 Qg5 24. h4 Qg4 25. Rf1 Qxg3 26. Bxf6 Qxf3 27. Rxf3 Nxf6 28. g3 Re7 29. Rfd3 Rae8 30. a4 Re4 31. Bb3 Re2 32. R3d2 R2e3 33. Rd3 Re2 34. R3d2 Rxd2 35. Rxd2 Kf8 36. Kf1 b6 37. Rd6 Ne4 38. Rd7 Re7 39. Rd8+ Re8 40. Rd7 Re7 41. Rd8+ 1/2-1/2

[Event "GRE-ch (Women) 37th"]
[Site "Vrachati"]
[Date "2014.12.10"]
[Round "8"]
[White "Makka, Ioulia"]
[Black "Vatkali, Dimitra"]
[Result "1-0"]
[WhiteElo "2119"]
[BlackElo "1992"]
[PlyCount "99"]
[EventDate "2014.12.03"]
[EventType "tourn"]
[EventRounds "9"]
[EventCountry "GRE"]
[SourceTitle "CBM 163 Extra"]
[Source "ChessBase"]
[SourceDate "2014.12.23"]
[SourceVersion "1"]
[SourceVersionDate "2014.12.23"]
[SourceQuality "1"]

1. e4 c6 2. d4 d5 3. Nc3 dxe4 4. Nxe4 Nd7 5. Bc4 Ngf6 6. Nxf6+ Nxf6 7. c3 e6 8. Nf3 Bd6 9. Bg5 h6 10. Bh4 b6 11. Qe2 Bb7 12. Ne5 Qc7 13. f4 Nd5 14. 0-0 Bxe5 15. dxe5 0-0 16. Bd3 c5 17. Rad1 Rac8 18. c4 Ne7 19. Qg4 Kh8 20. Rde1 Rcd8 21. Qh3 Rd4 22. Re3 Nf5 23. Bxf5 exf5 24. Bf6 Kh7 25. Rg3 Rg8 26. Qxf5+ g6 27. Qg4 Rd2 28. Rf2 Qd7 29. Qxd7 Rxd7 30. Kf1 Be4 31. Ke1 Rb8 32. Re3 Bf5 33. a4 Rbb7 34. h3 Be6 35. b3 h5 36. Ree2 Rd3 37. Rd2 Rxb3 38. Rd8 Rb1+ 39. Ke2 g5 40. Rh8+ Kg6 41. f5+ Bxf5 42. Rg8+ Kh7 43. Rg7+ Kh6 44. Rxf5 Rd7 45. Rf1 Rb2+ 46. Kf3 Rd3+ 47. Ke4 Rd4+ 48. Kf5 Rb1 49. Rf3 Rb3 50. Rxg5 1-0

[Event "GRE-ch (Women) 37th"]
[Site "Vrachati"]
[Date "2014.12.09"]
[Round "7"]
[White "Vatkali, Dimitra"]
[Black "Hristodoulaki, Antonia"]
[Result "1-0"]
[WhiteElo "1992"]
[BlackElo "1981"]
[PlyCount "89"]
[EventDate "2014.12.03"]
[EventType "tourn"]
[EventRounds "9"]
[EventCountry "GRE"]
[SourceTitle "CBM 163 Extra"]
[Source "ChessBase"]
[SourceDate "2014.12.23"]
[SourceVersion "1"]
[SourceVersionDate "2014.12.23"]
[SourceQuality "1"]

1. d4 d5 2. c4 e6 3. Nf3 Nf6 4. g3 dxc4 5. Qa4+ c6 6. Qxc4 b5 7. Qc2 Bb7 8. Bg2 Nbd7 9. Nc3 a6 10. a4 b4 11. Ne4 c5 12. Nxf6+ Nxf6 13. dxc5 Qa5 14. 0-0 Bxc5 15. Nd2 Bxg2 16. Kxg2 Qb6 17. Nc4 Qb7+ 18. f3 0-0 19. Bg5 Nd5 20. e4 Ne7 21. Bxe7 Qxe7 22. Rad1 Rfd8 23. Rxd8+ Rxd8 24. Rd1 Kf8 25. Kf1 Ke8 26. Ke2 f6 27. Rd3 Rxd3 28. Qxd3 Qd7 29. b3 Qxd3+ 30. Kxd3 Kd7 31. Nb2 Kc6 32. Kc4 a5 33. Nd3 Be3 34. h3 Bd2 35. Nc5 f5 36. Nxe6 fxe4 37. fxe4 Bc3 38. Ng5 h6 39. Nf3 Bf6 40. g4 Bc3 41. e5 Bb2 42. Nd4+ Kd7 43. Kd5 Bxd4 44. Kxd4 Kc6 45. Kc4 1-0

[Event "GRE-ch (Women) 37th"]
[Site "Vrachati"]
[Date "2014.12.04"]
[Round "2"]
[White "Makka, Evanthia"]
[Black "Vatkali, Dimitra"]
[Result "1-0"]
[WhiteElo "2082"]
[BlackElo "1992"]
[PlyCount "101"]
[EventDate "2014.12.03"]
[EventType "tourn"]
[EventRounds "9"]
[EventCountry "GRE"]
[SourceTitle "CBM 163 Extra"]
[Source "ChessBase"]
[SourceDate "2014.12.23"]
[SourceVersion "1"]
[SourceVersionDate "2014.12.23"]
[SourceQuality "1"]

1. e4 c6 2. d3 d5 3. Qe2 dxe4 4. dxe4 e5 5. Nf3 Qc7 6. Nbd2 f6 7. Nc4 Be6 8. a4 Nd7 9. a5 Ne7 10. Be3 Nc8 11. c3 Nd6 12. Nxd6+ Bxd6 13. Qc2 0-0 14. Be2 b6 15. a6 c5 16. b3 Nb8 17. 0-0 Nc6 18. Rfd1 Rfd8 19. Nd2 Na5 20. Qb2 Qe7 21. Rab1 Rac8 22. Bf1 f5 23. f3 f4 24. Bf2 Kh8 25. Rdc1 c4 26. b4 Nb3 27. Nxb3 cxb3 28. Qe2 Bc4 29. Qe1 b5 30. Rb2 Rc6 31. Ra1 Rdc8 32. Bxc4 bxc4 33. b5 Ba3 34. Rd2 Re6 35. Rd5 Bc5 36. Bxc5 Rxc5 37. Qd2 Rc8 38. Rd7 Qc5+ 39. Qf2 Qxf2+ 40. Kxf2 Ra8 41. Ra4 Rb6 42. Rxc4 Rxb5 43. Rxa7 Rd8 44. Rd7 Ra8 45. Rb4 Ra5 46. a7 Ra2+ 47. Ke1 Rg8 48. Rxb3 h6 49. Rb8 Kh7 50. Rxg8 Kxg8 51. Rd8+ 1-0

[Event "GRE-ch U20 Girls"]
[Site "Thessaloniki"]
[Date "2014.01.08"]
[Round "7"]
[White "Avramidou, Anastasia"]
[Black "Vatkali, Dimitra"]
[Result "0-1"]
[WhiteElo "1909"]
[BlackElo "1999"]
[PlyCount "170"]
[EventDate "2014.01.02"]
[EventType "tourn"]
[EventRounds "7"]
[EventCountry "GRE"]
[SourceTitle "EXT 2016"]
[Source "ChessBase"]
[SourceDate "2015.10.08"]
[SourceVersion "1"]
[SourceVersionDate "2015.10.08"]
[SourceQuality "1"]

1. c4 c6 2. Nc3 d5 3. cxd5 cxd5 4. d4 Nf6 5. Bf4 Nc6 6. e3 a6 7. Nf3 Bg4 8. Qb3 Na5 9. Qa4+ Bd7 10. Qc2 Rc8 11. Bd3 e6 12. Ne5 Be7 13. 0-0 0-0 14. Rfc1 Bb5 15. Qe2 Bxd3 16. Nxd3 b5 17. Nd1 Qb6 18. Bg5 h6 19. Bxf6 Bxf6 20. Nc5 Rcd8 21. f4 Nc4 22. b3 Nd6 23. Nf2 Nb7 24. Nfd3 Nxc5 25. Nxc5 Be7 26. a4 bxa4 27. Rxa4 Bxc5 28. dxc5 Qxb3 29. Rxa6 d4 30. exd4 Rxd4 31. c6 Rc8 32. c7 Qd5 33. Rac6 Rd2 34. Qf1 Kh7 35. Kh1 g6 36. R6c4 Kg7 37. h3 Rd3 38. Kh2 Rd2 39. Rb4 Qd6 40. Qc4 Rxc7 41. Qxc7 Qxb4 42. Qe5+ Kh7 43. Rc8 Rxg2+ 44. Kh1 Qb1+ 45. Kxg2 Qb7+ 46. Kg3 Qxc8 47. Qf6 Qd7 48. Kh2 Qd2+ 49. Kg1 Qc1+ 50. Kh2 Qc2+ 51. Kg3 Qd3+ 52. Kh2 Qf5 53. Qd4 g5 54. fxg5 hxg5 55. Qa7 Qf4+ 56. Kh1 e5 57. Qa6 Qf3+ 58. Kh2 Qf2+ 59. Kh1 e4 60. Qc4 Qf3+ 61. Kh2 Qf4+ 62. Kh1 e3 63. Qd3+ Kh6 64. Qa6+ Kg7 65. Qa1+ Qf6 66. Qd1 Qc3 67. Qg4 Qe1+ 68. Kh2 Qf2+ 69. Kh1 Qf4 70. Qe2 Qd4 71. Qb5 Qe4+ 72. Kh2 Qf4+ 73. Kh1 Qf3+ 74. Kh2 Kh6 75. Qb6+ Kh5 76. Qd8 Qf2+ 77. Kh1 Qf3+ 78. Kh2 Qf4+ 79. Kg2 Qe4+ 80. Kf1 Kh4 81. Ke2 Kxh3 82. Qh8+ Kg3 83. Qf6 Qf4 84. Qc3 Qf2+ 85. Kd1 Qd2+ 0-1

[Event "Barcelona Sant Marti op-A 15th"]
[Site "Barcelona"]
[Date "2013.07.19"]
[Round "7"]
[White "Vatkali, Dimitra"]
[Black "Capellades Subirana, Marc"]
[Result "0-1"]
[WhiteElo "1964"]
[BlackElo "2260"]
[PlyCount "74"]
[EventDate "2013.07.13"]
[EventType "swiss"]
[EventRounds "9"]
[EventCountry "ESP"]
[SourceTitle "CBM 155 Extra"]
[Source "ChessBase"]
[SourceDate "2013.08.26"]
[SourceVersion "1"]
[SourceVersionDate "2013.08.26"]
[SourceQuality "1"]

1. e4 e5 2. Nf3 Nc6 3. d4 exd4 4. Nxd4 Bc5 5. Nxc6 bxc6 6. Bd3 Ne7 7. Nd2 d6 8. Nb3 Bb6 9. a4 a5 10. Qe2 0-0 11. Bg5 f6 12. Be3 f5 13. Bxb6 cxb6 14. exf5 Nxf5 15. 0-0 Qf6 16. c3 Kh8 17. Rae1 Bd7 18. Bxf5 Qxf5 19. Nd4 Qg6 20. Qe4 Rae8 21. Qxg6 hxg6 22. Re3 Rxe3 23. fxe3 Kg8 24. Rxf8+ Kxf8 25. Kf2 Ke7 26. Kf3 Kf6 27. b3 c5 28. Nc2 c4 29. bxc4 Bxa4 30. Nd4 Ke5 31. e4 Bd1+ 32. Ke3 a4 33. Nc6+ Kf6 34. Nb4 Bb3 35. Kd4 Ke6 36. Nd5 a3 37. Nf4+ Kd7 0-1

[Event "Barcelona Sant Marti op-A 15th"]
[Site "Barcelona"]
[Date "2013.07.16"]
[Round "4"]
[White "Vatkali, Dimitra"]
[Black "Martorell Aguado, Joan"]
[Result "0-1"]
[WhiteElo "1964"]
[BlackElo "2167"]
[PlyCount "66"]
[EventDate "2013.07.13"]
[EventType "swiss"]
[EventRounds "9"]
[EventCountry "ESP"]
[SourceTitle "CBM 155 Extra"]
[Source "ChessBase"]
[SourceDate "2013.08.26"]
[SourceVersion "1"]
[SourceVersionDate "2013.08.26"]
[SourceQuality "1"]

1. d4 Nf6 2. c4 c5 3. d5 e5 4. Nc3 d6 5. e4 Be7 6. Bd3 Nbd7 7. Nge2 0-0 8. Ng3 Ne8 9. h4 a6 10. Be3 g6 11. Qd2 h5 12. Bg5 Ng7 13. 0-0-0 Nf6 14. f3 Bd7 15. Kb1 Nh7 16. Bxe7 Qxe7 17. Qh6 b5 18. cxb5 axb5 19. Bxb5 Bxb5 20. Nxb5 Rfb8 21. Nc3 Qa7 22. Qd2 Rb6 23. Rc1 Rab8 24. Rc2 Nf6 25. Nf1 Nd7 26. Ne3 Rb4 27. Ka1 c4 28. Qe2 Nc5 29. Nxc4 Nb3+ 30. Kb1 Nd4 31. Qf1 Qc5 32. Na4 Rxa4 33. Rc1 Qb5 0-1

[Event "GRE-chT 41st"]
[Site "Achaia"]
[Date "2013.07.06"]
[Round "6.5"]
[White "Voiska, Margarita"]
[Black "Vatkali, Dimitra"]
[Result "1/2-1/2"]
[WhiteElo "2237"]
[BlackElo "1964"]
[PlyCount "84"]
[EventDate "2013.07.02"]
[EventType "team-swiss"]
[EventRounds "7"]
[EventCountry "GRE"]
[SourceTitle "CBM 155 Extra"]
[Source "ChessBase"]
[SourceDate "2013.08.26"]
[SourceVersion "1"]
[SourceVersionDate "2013.08.26"]
[SourceQuality "1"]
[WhiteTeam "Peiraikos PG"]
[BlackTeam "Kavalas OFS"]
[WhiteTeamCountry "GRE"]
[BlackTeamCountry "GRE"]

1. d4 d5 2. Nf3 Nf6 3. e3 c6 4. Bd3 Bg4 5. Nbd2 Nbd7 6. 0-0 e6 7. c4 Be7 8. Qc2 Qc7 9. b3 Bh5 10. Bb2 Bg6 11. h3 0-0 12. Bxg6 hxg6 13. Ne5 Nxe5 14. dxe5 Nd7 15. Nf3 dxc4 16. Qxc4 a5 17. a4 Nb6 18. Qg4 Nd5 19. h4 Nb4 20. h5 gxh5 21. Qxh5 Rfd8 22. Rad1 Rxd1 23. Rxd1 Rd8 24. Nd4 g6 25. Qe2 Rd7 26. Rc1 Qd8 27. Bc3 Rd5 28. f4 c5 29. Nb5 Nd3 30. Rf1 Nb4 31. Qf3 Rd3 32. Qxb7 Rxe3 33. Re1 Rd3 34. Qe4 Na2 35. Qc4 Nxc3 36. Nxc3 Qd4+ 37. Qxd4 cxd4 38. Ne4 Rxb3 39. Rc1 d3 40. Kf2 Bb4 41. Rc8+ Kg7 42. Nf6 Rb2+ 1/2-1/2

[Event "Wch U20 Girls 30th"]
[Site "Athens"]
[Date "2012.08.14"]
[Round "12"]
[White "Vatkali, Dimitra"]
[Black "Frey, Alisa"]
[Result "0-1"]
[WhiteElo "1936"]
[BlackElo "2035"]
[PlyCount "104"]
[EventDate "2012.08.02"]
[EventType "swiss"]
[EventRounds "13"]
[EventCountry "GRE"]
[SourceTitle "CBM 149 Extra"]
[Source "ChessBase"]
[SourceDate "2012.08.24"]
[SourceVersion "1"]
[SourceVersionDate "2012.08.24"]
[SourceQuality "1"]

1. e4 e5 2. Nf3 Nc6 3. d4 exd4 4. Nxd4 Bc5 5. Nxc6 Qf6 6. Qf3 bxc6 7. Nd2 d6 8. Nb3 Bb6 9. a4 Qxf3 10. gxf3 a5 11. Be3 Ne7 12. 0-0-0 Bxe3+ 13. fxe3 0-0 14. Rg1 h6 15. Rd2 g6 16. h4 h5 17. Rg5 c5 18. Bc4 Kh7 19. Rdg2 Bd7 20. Nd2 Bxa4 21. f4 f5 22. Be2 Kh6 23. e5 Bc6 24. R2g3 Bd5 25. Bf3 Bxf3 26. Nxf3 a4 27. Rg1 Rfb8 28. R5g2 a3 29. bxa3 Rxa3 30. Kd2 Rb2 31. Ng5 Raa2 32. Rc1 Rb6 33. Rcg1 Kg7 34. Nf3 Kf7 35. Ng5+ Ke8 36. Nf3 Kd7 37. Rc1 Ke6 38. Rgg1 Rb4 39. Ra1 Rba4 40. Rxa2 Rxa2 41. Ng5+ Kd5 42. Nf7 Ra6 43. exd6 cxd6 44. Nh8 Ke4 45. Nxg6 Nd5 46. Rg5 Nxe3 47. Rxh5 Ra2 48. Rh8 Rxc2+ 49. Ke1 Rh2 50. h5 c4 51. h6 c3 52. h7 Kf3 0-1